000 00704nam a2200217Ia 4500
003 IN-BaIIA
008 211028s9999 xx 000 0 eng d
020 _a3-540-43504-2
040 _cIIA Library
080 _a535
_bOHT
245 0 _aProgress in nano-electro-optics
_bI, basics and theory of near-field optics
_cedited by M. Ohtsu
260 _aBerlin
_bSpringer
_c2003
300 _axiv,161p.
490 _aSpringer series in optical sciences
650 _aElectro optics
650 _aFluoroscence spectroscopy
_927794
650 _aNano technology
_927795
650 _aNear-field microscopy
_927796
700 _aOhtsu, M.,ed.
_927797
942 _cBK
999 _c15164
_d15164